Magyarországi emigráció

Bibliographic Details
Main Author: Hering Adrienn Szilvia
Other Authors: Szászvári Dr Karina
Format: Thesis
Kulcsszavak:Emigráció
Külföldi munkavállalás, migráció, elvándorlás
kivándorlás
Online Access:http://dolgozattar.uni-bge.hu/12076

MARC

LEADER 00000nta a2200000 i 4500
001 dolg12076
005 20170517130953.0
008 170517suuuu hu om 000 hun d
040 |a BGE Dolgozattár Repozitórium  |b hun 
041 |a hu 
100 1 |a Hering Adrienn Szilvia 
245 1 0 |a Magyarországi emigráció  |c Hering Adrienn Szilvia  |h [elektronikus dokumentum] 
246 1 1 |a Magyarországi emigráció 
695 |a Emigráció 
695 |a Külföldi munkavállalás, migráció, elvándorlás 
695 |a kivándorlás 
700 1 |a Szászvári Dr Karina  |e ths 
856 4 0 |u http://dolgozattar.uni-bge.hu/12076/1/Hering%20Adrienn%20v1_korr_%20m%C3%A1solata.pdf  |z Dokumentum-elérés 
856 4 0 |u http://dolgozattar.uni-bge.hu/12076/2/SKMBT_C28017051711320.pdf  |z Dokumentum-elérés